Normal view
MARC view
- Dr Muahammad Bilal Khurshid
Entry Personal Name
001 - CONTROL NUMBER
- control field: 47679
003 - CONTROL NUMBER IDENTIFIER
- control field: NUST
005 - DATE AND TIME OF LATEST TRANSACTION
- control field: 20210314133900.0
008 - FIXED-LENGTH DATA ELEMENTS
- fixed length control field: 210314|| aca||aabn | a|a d
040 ## - CATALOGING SOURCE
- Original cataloging agency: NUST
- Transcribing agency: NUST
100 ## - HEADING--PERSONAL NAME
- Personal name: Dr Muahammad Bilal Khurshid
670 ## - SOURCE DATA FOUND
- Source citation: Work cat.: (NUST): Muhammad Farooq Bajwa. 47678, Parking and traffic management plan (P&TMP) of rawalpindi saddar(central business district)/, 2014.
